000 00536nam a2200193Ia 4500
005 20250508151843.0
008 008 250505s9999 xx 000 0 eng d
037 _aTextual
040 _aFEDL
_beng
_cFEDL
041 _aeng
_2eng
084 _a428, GRI
_qFEDL
100 _aGriffiths D
245 0 _aUnderstanding and enjoyment. Book 3
260 _aLondon, UK
_bOxford University Press
_c1955
300 _aviii,127p.
700 _a Griffiths A M
_9760159
942 _cTEXL
_h428, GRI
999 _c1332532
_d1332532